000 01201nam a2200301 a 4500
005 20221123115938.0
008 190816s1998 sp r 000 0 spa d
020 _a8449306396
035 _aUPN01000232088
040 _aMX-MxUPN
_bspa
_cMX-MxUPN
041 1 _aspa
_heng
050 _aRC473 M47
_bC46 1998
100 1 _aChoca, James P.
_947442
100 1 _aVan Denburg, Eric J.
_q(Eric James),
_d1955-
_947285
240 1 0 _aInterpretive guide to the Millon Clinical Multiaxial Inventory.
_lEspañol
245 1 0 _aGuía práctica para la interpretación del MCMI :
_b(Millon Multiaxial Clinical Inventory) /
_cJames P. Choca, Eric Van Denburg.
260 _aBarcelona, España :
_bPaidós,
_c1998.
300 _a335 páginas
490 _aEvaluación psicológica ;
_v71
500 _aTraducción de: Interpretive guide to the Millon Clinical Multiaxial Inventory.
500 _aPublicado en inglés por la American Psychological Association.
650 0 _947286
_aInventario multiaxial clínico de Millon
650 0 _947287
_aTrastornos de la personalidad
_xDiagnóstico
700 1 _aBas, Teresa
_etraductora
_947288
905 _aLibro
942 _n0
_2lcc
_cLIBRO
999 _c204183
_d204183